Interviewing : a practicle guide for students and professionals (Record no. 87410)

MARC details
000 -LEADER
fixed length control field 00550nam a2200193Ia 4500
005 - DATE AND TIME OF LATEST TRANSACTION
control field 20251118112716.0
008 - FIXED-LENGTH DATA ELEMENTS--GENERAL INFORMATION
fixed length control field 230125s9999 xx 000 0 und d
041 ## - LANGUAGE CODE
Language code of text/sound track or separate title eng
082 ## - DEWEY DECIMAL CLASSIFICATION NUMBER
Classification number 158.1
Item number OGI
100 ## - MAIN ENTRY--PERSONAL NAME
Author Keats D M
245 ## - TITLE STATEMENT
Title Interviewing : a practicle guide for students and professionals
260 ## - PUBLICATION, DISTRIBUTION, ETC.
Date of publication, distribution, etc. 2002
Name of publisher, distributor, etc. Viva publication
300 ## - PHYSICAL DESCRIPTION
Extent 172p
500 ## - GENERAL NOTE
Keywords Interview,Personality development
500 ## - GENERAL NOTE
Keywords Personality Development,
650 ## - SUBJECT ADDED ENTRY--TOPICAL TERM
Topical term or geographic name entry element Personality Development
700 ## - ADDED ENTRY--PERSONAL NAME
Personal name Keats D M
942 ## - ADDED ENTRY ELEMENTS (KOHA)
Koha item type Books
Holdings
Withdrawn status Lost status Damaged status Not for loan Home library Current library Date acquired Vendor Net Price Total Checkouts Full call number Barcode Date last seen Actual Price Bill Date Koha item type Original Barcode
        Smt. Hiraben Nanavati Institute of Management & Research for Women Smt. Hiraben Nanavati Institute of Management & Research for Women 24/11/2001 Varma Book Distributor 145.00   158.1 OGI B02747 HIMR-BK-2747 25/01/2023 145.00 11/08/2001 Books B02747